|
|
|
|
| LEADER |
01644nam a2200421 a 4500 |
| 001 |
nkc20142575888 |
| 003 |
CZ PrNK |
| 005 |
20160523171914.0 |
| 007 |
ta |
| 008 |
140325s2013 xr a e p 000 0 cze |
| 015 |
|
|
|a cnb002575888
|
| 020 |
|
|
|a 978-80-245-1987-6
|q (brož.) :
|c Kč 585,00
|
| 035 |
|
|
|a (OCoLC)880868868
|
| 040 |
|
|
|a BOA001
|b cze
|
| 072 |
|
7 |
|a 004
|x Počítačová věda. Výpočetní technika. Informační technologie
|2 Konspekt
|9 23
|
| 072 |
|
7 |
|a 37.016
|x Učební osnovy. Vyučovací předměty. Učebnice
|2 Konspekt
|9 22
|
| 080 |
|
|
|a 004.032.6
|2 MRF
|
| 080 |
|
|
|a (075.8)
|2 MRF
|
| 100 |
1 |
|
|a Horný, Stanislav,
|d 1955-
|7 jn20001103516
|4 aut
|
| 245 |
1 |
0 |
|a Úvod do multimédií /
|c Stanislav Horný a kolektiv
|
| 250 |
|
|
|a Vyd. 1.
|
| 260 |
|
|
|a V Praze :
|b Oeconomica,
|c 2013
|
| 300 |
|
|
|a 307 s. :
|b il. ;
|c 25 cm
|
| 490 |
1 |
|
|a Vysokoškolská učebnice
|
| 504 |
|
|
|a Obsahuje bibliografii a bibliografické odkazy
|
| 550 |
|
|
|a Vydavatel: Vysoká škola ekonomická v Praze
|
| 650 |
0 |
7 |
|a multimédia
|7 ph115379
|2 czenas
|
| 650 |
0 |
9 |
|a multimedia
|2 eczenas
|
| 655 |
|
7 |
|a učebnice vysokých škol
|7 fd133772
|2 czenas
|
| 655 |
|
9 |
|a textbooks (higher)
|2 eczenas
|
| 710 |
2 |
|
|a Vysoká škola ekonomická v Praze
|7 kn20010709403
|
| 810 |
2 |
|
|a Vysoká škola ekonomická v Praze.
|t Vysokoškolská učebnice
|0 s
|
| 910 |
2 |
|
|a BOA001
|b 2-1322.517
|
| 990 |
|
|
|a BK
|
| 995 |
|
|
|a 01
|
| 991 |
|
|
|b 201405
|c NOV
|e n
|
| 996 |
6 |
|
|b 2610582587
|c 2-1322.517
|l MZK
|r Sklad / do 1 hodiny
|n 5
|p p.v.
|w 001421564
|u 000010
|a 1
|e BOA001
|j MZK50
|s P
|
| 996 |
7 |
|
|b 2610604932
|c 2-1322.517
|l MZK
|r Sklad / do 1 hodiny
|n 12
|p kup
|w 001421564
|u 000020
|a 1
|e BOA001
|j MZK50
|s A
|